| 000 | 00459nam a2200157 i 4500 | ||
|---|---|---|---|
| 001 | 66051 | ||
| 003 | ES-MaACL | ||
| 005 | 20230906165531.0 | ||
| 007 | t| | ||
| 008 | 040126s1903 mx ||||1| spa d | ||
| 100 | 1 |
_aG. de M. _953106 |
|
| 245 | 1 | 0 |
_aA propósito de un discurso de Don Telesforo García / _cG. de M. |
| 260 |
_aMéxico : _b[s.n., _c1903] ( _fTipografía de Müller Hnos.) |
||
| 600 | 0 | 4 |
_aGarcía, Telesforo. _954100 |
| 852 |
_aES-MaACL _j1569-F-6 |
||
| 999 |
_c66051 _d66051 |
||